000 00514nam a2200193 a 4500
001 1770713644419
003 YourLibrary
005 20260210142830.0
008 260210s2007##################000#0#eng##
020 _a9781845931728
082 0 4 _a333.913
_bGIO
100 1 _aGiordano, Mark,
_eauthor.
245 1 0 _aThe Agricultural Groundwater Revolution :
260 _bCABI,
_c2007.
300 _a433 pages
650 0 _aTechnology & Engineering.
942 _cENGLISH
040 _aYourLibrary
_beng
_cYourLibrary
999 _c611377
_d611377